Futbal, značky a peniaze

Vnímanie športového odvetvia nielen ako druhu zábavy, ale ako jedného z najvýnosnejších oblastí podnikania. Vyjadrenie ceny športových značiek. Európsky futbalový priemysel. Futbalový klub Manchester United. Podnikateľské zväzky medzi usporiadateľmi a klubmi v mediálnom obchode Spojených štátov. Sit...

ver descrição completa

Na minha lista:
Detalhes bibliográficos
Autor principal: Dubová, Zuzana
Outros Autores: Mazág, Martin
Formato: Capítulo de Livro
Idioma:eslovaco
Assuntos:
Tags: Adicionar Tag
Sem tags, seja o primeiro a adicionar uma tag!

MARC

LEADER 00000naa a2200000 4500
001 r034744
005 20230929095952.3
041 0 |a slo 
044 |a SK 
245 1 0 |a Futbal, značky a peniaze  |c Zuzana Dubová, Martin Mazág 
520 |a Vnímanie športového odvetvia nielen ako druhu zábavy, ale ako jedného z najvýnosnejších oblastí podnikania. Vyjadrenie ceny športových značiek. Európsky futbalový priemysel. Futbalový klub Manchester United. Podnikateľské zväzky medzi usporiadateľmi a klubmi v mediálnom obchode Spojených štátov. Situácia v Nemecku. 
610 2 0 |a šport 
610 2 0 |a podnikanie 
610 2 0 |a príjmy 
610 2 0 |a Európa 
610 2 0 |a USA 
610 2 0 |a Nemecko 
100 1 |a Dubová, Zuzana 
700 1 |a Mazág, Martin